Die Götterwelt von El Tajin, Mexiko
| Main Author: | |
|---|---|
| Format: | Print Book |
| Language: | German |
| Subito Delivery Service: | Order now. |
| Check availability: | HBZ Gateway |
| WorldCat: | WorldCat |
| Interlibrary Loan: | Interlibrary Loan for the Fachinformationsdienste (Specialized Information Services in Germany) |
| Published: |
Münster Hamburg
Lit
1991
|
| In: |
Ethnologische Studien (10)
Year: 1991 |
| Series/Journal: | Ethnologische Studien
10 |
| Standardized Subjects / Keyword chains: | B
El Taijín
/ Sculpture
/ God
/ History 800-1200
/ Findings
B El Taijín / Sculpture / Animal representation / History 800-1200 / Findings |
| Further subjects: | B
Indian sculpture Mexico Tajín Site
B Totonac Indians Religion B Mexique Vie religieuse Histoire Epoque précolombienne B Indiens Mexique Religion Histoire Epoque précolombienne B Tajín Site (Mexico) B Indians of Mexico Mexico Veracruz-Llave (State) B Veracruz-Llave (Mexico : State) Antiquities B Indians of Mexico Mexico Veracruz-Llave (State) Antiquities B El Tajín (Mexique site archéologique) |
MARC
| LEADER | 00000cam a2200000 c 4500 | ||
|---|---|---|---|
| 001 | 119394863 | ||
| 003 | DE-627 | ||
| 005 | 20251222200611.0 | ||
| 007 | tu | ||
| 008 | 921230s1991 gw ||||| 00| ||ger c | ||
| 015 | |a 91,N14,0243 |2 dnb | ||
| 015 | |a 93,A23,1815 |2 dnb | ||
| 016 | 7 | |a 910444463 |2 DE-101 | |
| 020 | |a 3886604756 |c : DM 48.80 (Pp.) |9 3-88660-475-6 | ||
| 035 | |a (DE-627)119394863 | ||
| 035 | |a (DE-576)032513801 | ||
| 035 | |a (DE-599)GBV119394863 | ||
| 035 | |a (OCoLC)844105808 | ||
| 035 | |a (OCoLC)311747603 | ||
| 040 | |a DE-627 |b ger |c DE-627 |e rakwb | ||
| 041 | |a ger | ||
| 044 | |c XA-DE |c XA-DE-NW | ||
| 050 | 0 | |a F1219.1.T2 | |
| 082 | 0 | |a 299/.79262 | |
| 084 | |a 60 |a 13 |a 25 |2 sdnb | ||
| 084 | |a LC 35625 |2 rvk |0 (DE-625)rvk/90645:988 | ||
| 084 | |a NF 8574 |q DA-3 |2 rvk |0 (DE-625)rvk/160435: | ||
| 100 | 1 | |0 (DE-588)118043714 |0 (DE-627)07920922X |0 (DE-576)170327884 |4 aut |a Bertels, Ursula |d 1963- | |
| 109 | |a Bertels, Ursula 1963- |a Bertels, U. 1963- | ||
| 191 | |a 1 | ||
| 245 | 1 | 4 | |a Die Götterwelt von El Tajin, Mexiko |c Ursula Bertels |
| 246 | 3 | 0 | |a El Tajín |
| 264 | 1 | |a Münster |a Hamburg |b Lit |c 1991 | |
| 300 | |a IX, 251 S. |b Ill., graph. Darst. |e Kt.-Beil. (1 Bl.) | ||
| 336 | |a Text |b txt |2 rdacontent | ||
| 337 | |a ohne Hilfsmittel zu benutzen |b n |2 rdamedia | ||
| 338 | |a Band |b nc |2 rdacarrier | ||
| 490 | 1 | |a Ethnologische Studien |v Bd. 10 | |
| 500 | |a Literaturverz. S. 218 - 226 | ||
| 583 | 1 | |a Archivierung prüfen |c 20200919 |f DE-640 |z 2 |2 pdager | |
| 653 | 0 | |a Tajín Site (Mexico) | |
| 653 | 0 | |a Indians of Mexico |a Mexico |a Veracruz-Llave (State) | |
| 653 | 0 | |a Totonac Indians |a Religion | |
| 653 | 0 | |a Indian sculpture |a Mexico |a Tajín Site | |
| 653 | 0 | |a Indians of Mexico |a Mexico |a Veracruz-Llave (State) |a Antiquities | |
| 653 | 0 | |a Veracruz-Llave (Mexico : State) |a Antiquities | |
| 653 | 0 | |a Indiens |a Mexique |a Religion |a Histoire |a Epoque précolombienne | |
| 653 | 0 | |a El Tajín (Mexique |a site archéologique) | |
| 653 | 0 | |a Mexique |a Vie religieuse |a Histoire |a Epoque précolombienne | |
| 689 | 0 | 0 | |d g |0 (DE-588)4257533-3 |0 (DE-627)104675837 |0 (DE-576)210564660 |2 gnd |a El Tajín |
| 689 | 0 | 1 | |d s |0 (DE-588)4046277-8 |0 (DE-627)106198602 |0 (DE-576)209068817 |2 gnd |a Plastik |
| 689 | 0 | 2 | |d s |0 (DE-588)4124919-7 |0 (DE-627)105744042 |0 (DE-576)209572175 |2 gnd |a Gottesdarstellung |
| 689 | 0 | 3 | |q z |2 gnd |a Geschichte 800-1200 |
| 689 | 0 | 4 | |d s |0 (DE-588)4071507-3 |0 (DE-627)104642874 |0 (DE-576)209184205 |2 gnd |a Funde |
| 689 | 0 | |5 DE-101 | |
| 689 | 1 | 0 | |d g |0 (DE-588)4257533-3 |0 (DE-627)104675837 |0 (DE-576)210564660 |2 gnd |a El Tajín |
| 689 | 1 | 1 | |d s |0 (DE-588)4046277-8 |0 (DE-627)106198602 |0 (DE-576)209068817 |2 gnd |a Plastik |
| 689 | 1 | 2 | |d s |0 (DE-588)4117216-4 |0 (DE-627)105800929 |0 (DE-576)20950806X |2 gnd |a Tierdarstellung |
| 689 | 1 | 3 | |q z |2 gnd |a Geschichte 800-1200 |
| 689 | 1 | 4 | |d s |0 (DE-588)4071507-3 |0 (DE-627)104642874 |0 (DE-576)209184205 |2 gnd |a Funde |
| 689 | 1 | |5 DE-101 | |
| 830 | 0 | |a Ethnologische Studien |v 10 |9 10 |w (DE-627)49447226X |w (DE-576)512493731 |w (DE-600)2197732-X |7 am | |
| 935 | |a mteo | ||
| 935 | |i Blocktest | ||
| 936 | r | v | |a LC 35625 |b Mexiko |k Sozial- und Kulturanthropologie. Empirische Kulturwissenschaft |k Religionsethnologie |k Gottesvorstellung und Gottheiten; Mythologie; Feministische Mythologie; Geschlechterforschung (Gender Studies) |k Amerika |k Mittel- und Südamerika |k Mittelamerika |k Mexiko |0 (DE-627)1271764016 |0 (DE-625)rvk/90645:988 |0 (DE-576)201764016 |
| 936 | r | v | |a NF 8574 |b Religion |k Geschichte |k Ur- und Frühgeschichte / Prähistorische Archäologie |k Archäologie der übrigen Welt |k Archäologie Amerikas / Altamerikanistik |k Mittelamerika inkl. Karibischer Inseln |k Religion |0 (DE-627)1551159708 |0 (DE-625)rvk/160435: |0 (DE-576)481159703 |
| 951 | |a BO | ||
| ELC | |b 1 | ||
| ORI | |a SA-MARC-ixtheo_oa001.raw | ||
| REL | |a 1 | ||
| STA | 0 | 0 | |a Animal representation,Animal, Motif,El Taijín,ElTaijín,Findings,God,Representation of God,Idol,Sculpture,Plastic art |
| STB | 0 | 0 | |a Découvertes archéologiques,Représentation de Dieu,Représentation des animaux,Sculpture |
| STC | 0 | 0 | |a Escultura,Hallazgos,Representación de animales,Representación divina |
| STD | 0 | 0 | |a Rappresentazione degli animali,Rappresentazione di Dio,Reperti archeologici,Scultura |
| STE | 0 | 0 | |a 出土物,地下文物,对动物的描绘,对动物的绘划,对神的描述,对神的描绘 |
| STF | 0 | 0 | |a 出土物,地下文物,對動物的描繪,對動物的繪劃,對神的描述,對神的描繪,造形藝術 |
| STG | 0 | 0 | |a Achados,Escultura,Representação de animais,Representação divina |
| STH | 0 | 0 | |a Изображение Бога,Изображение животных (искусство),Находки,Скульптура |
| STI | 0 | 0 | |a Απεικόνιση των ζώων,Γλυπτό,Είδωλο του Θεού,Ευρήματα |
| SUB | |a REL | ||
| SYG | 0 | 0 | |a Tajín, El,ElTajín , Bildhauerkunst,Bildwerk,Skulptur,Plastiken,Skulpturen , Götterbild,Götterdarstellung,Götter,Gottesbild,Idol , Bodenfund,Bodenfunde,Archäologische Funde , Tajín, El,ElTajín , Bildhauerkunst,Bildwerk,Skulptur,Plastiken,Skulpturen , Tiere,Tierbild,Zoomorphe Darstellung , Bodenfund,Bodenfunde,Archäologische Funde |
| TIM | |a 100008000101_100012001231 |b Geschichte 800-1200 | ||